Desarrollo y movilidad social /
Guardado en:
| Autor Principal: | |
|---|---|
| Formato: | Libro |
| Publicado: |
Buenos Aires :
Paidos,
1973
|
| Materias: | |
| Etiquetas: |
Agregar Etiqueta
Sin Etiquetas, Sea el primero en etiquetar este registro!
|
| LEADER | 00693nam a22002055a 4500 | ||
|---|---|---|---|
| 001 | CEM.cems001821 | ||
| 005 | 20060214000000.0 | ||
| 008 | 130507s1973##################000#0#####d | ||
| 003 | CEMS | ||
| 082 | 0 | 4 | |a 301.153 |
| 100 | 1 | |a Costa Pinto, L. A. | |
| 245 | 1 | 0 | |a Desarrollo y movilidad social / |
| 260 | |a Buenos Aires : |b Paidos, |c 1973 | ||
| 300 | |a 19 p. | ||
| 505 | 0 | |a Separata de la obra: Historia y elementos de la sociologia del conocimiento. Buenos Aires, Eudeba, 1964. Dirigida por Irvin L. Horwitz. Cap. 14 y 16 | |
| 653 | |a Cambio social | ||
| 653 | |a Desarrollo social | ||
| 653 | |a Movilidad social | ||
| 653 | |a Sociologia | ||
| 859 | |a CEMS |b BIB. CEMS - 11 de abril |h 301.153 |i C824 |p 14986.88 |t Ej.1 | ||
